Bienvenue à la Médiathèque de Saint-Andiol
banniere
Accueil Recherche avancée Mon compte
handi1 Rechercher dans le catalogue

Filtre   Mots-clés
  Recherche avancée
 
Lister les dernières nouveautés
 
Lister les livres GROS CARACTERES
 
Lister les périodiques (magazines)

handi1 Peinture à l'os

Book Cover
Auteur principal : Christophe Cazenove
Autres auteurs : Jean Bastide
Autres auteurs : Roba
Titre : Peinture à l'os
Support : Livres
Langue : Francais
Publié : DL 2025 Dargaud Neuilly
Series : Album de Boule & Bill.
Genre : Bande Dessinée (enfants)
Collection : Album de Boule & Bill
Sujets :
Étiquettes :
Pas de tags
LEADER 01314nam0a2200241 450
001 16868334
010 |a 978-2-505-13440-4  |b rel.  |d 12,95 € 
100 |a 20260526d2026 u u0frey01 ba 
101 0 |a fre 
102 |a FR 
200 0 |a Peinture à l'os  |f par Cazenove & Bastide  |g d'après Roba - couleur, Luc Perdriset 
207 1 |a   
210 |a Neuilly  |b 12 Rue Blaise Pascal.  |c Dargaud  |d DL 2025 
215 |a 1 vol. (46 p.)  |c ill. en coul.  |d 30 cm 
225 1 |a Album de Boule & Bill  |v nÊ 4 
330 |a Bill peut décidément tout faire avec ses oreilles ! Des années à construire, développer et enrichir son imaginaire, sa culture et ses multiples talents (jonglage, hélicoptère, raquette, etc, la liste est longue !) avec son grand ami Boule et tous ses petits compagnons…, voilà désormais Bill de l’autre côté du chevalet à jouer des pinceaux, des formes, des couleurs, et même à revisiter les grands classiques de l’Art avec humour et espièglerie ! 
461 0 |t Album de Boule & Bill.  |v 46 
700 0 |a Cazenove  |b Christophe  |c scénariste BD  |f 1969-....  |4 70 
701 0 |a Bastide  |b Jean  |f 1982-....  |4 70 
702 0 |a Roba  |f 1930-2006  |4 100 
900 |a Bande Dessinée (enfants) 
901 |a Jeunesse 
995 |a Médiathèque  |c Médiathèque  |f 089021892  |h 089021892  |k BD BOU  |o p  |q j  |r az  |e Médiathèque